00753nam a2200205 a 4500008004100000020001500041050001500056100001800071245003400089260003200123300002000155350000900175490003400184500003900218650002200257700002400279995009600303999001700399952013100416120416s1977 ||||||||||||||||| || u a0070362475 aHG 179 Lan aLang, Larry R10aStrategy for personal finance aNew YorkbMcGraw-Hillc1977 axiv, 594p.: ill a0.00 aMcGraw-Hill series in finance aIncludes bibliographies and index. aFINANCE, PERSONAL aGillespie, Thomas H D0.00FCBU-MAIN LIBRARY (Kitwe)H1I12.00M1UAVAILABLEZMain Library Open Access Collection c58591d58591 00102lcc4070a001b001cMain Library Open Access Collectiond2022-11-30l0oHG 179 Lanp005970r2022-11-30w2022-11-30y002